So, you think you know One Direction? - Statistics

General Stats
  • This quiz has been taken 3,940 times
  • The average score is 9 of 15
Answer Stats
Question Answer % Correct
Who has the most twitter followers? Harry
99%
In "This is Us", who went fishing with Liam? Harry
99%
Who is the SassMaster? Louis
95%
Who's dog is Loki? Liam
94%
What is their 3rd album called? Midnight Memories
89%
What band is Zayn's girlfriend, Perrie, from? Little Mix
84%
In the winter of 2012, who did Harry date? Taylor Swift
79%
What is the Louis and Liam bromance called? Lilo
78%
Who designed the "Up All Night" album cover graphics? Zayn
74%
Who is their tour manager? Paul
54%
What is Zayn's middle name? Jawaad
35%
Who is Lou? Their Stylist
33%
Who is Josh? The Drummer
9%
What is Niall's cousin's name? Deo
3%
What are the names of Louis' sisters from oldest to youngest? (You must you 2 nick names) Lotte, Fizzy, Daisy and Phoebe
0%
No matching quizzes found
Score Distribution
Percent of People with Each Score
Percentile by Number Answered
Your Score History
You have not taken this quiz